| 000 | 00318nam a2200121 i 4500 | ||
|---|---|---|---|
| 001 | bg | ||
| 245 | 0 | _aMateriały z II [drugiej] Szkoły Obróbki Ściernej, Koszalin-Cetuń, wrzesień 1979. | |
| 260 |
_aKoszalin, _c1980. |
||
| 040 | _cBPK | ||
| 041 | _apol | ||
| 942 | _cKS | ||
| 008 | s pl f |000 0 pol | ||
| 999 |
_c20267 _d20267 |
||
| 856 |
_uhttp://koha.tu.koszalin.pl/cgi-bin/koha/opac-detail.pl?biblionumber=20267 _yKatalog online BPK |
||